Største Danske Byer med almindelige endelser - Statistics

General Stats
  • This quiz has been taken 15 times
  • The average score is 22 of 74
Answer Stats
Endelse Indbyggertal By % Correct
-borg 28.277 Sønderborg
100%
-borg 120.700 Aalborg
89%
-bjerg 71.505 Esbjerg
89%
-havn 22.838 Frederikshavn
89%
-rød 20.921 Birkerød
78%
-rød 47.839 Hillerød
78%
-borg 17.902 Nyborg
78%
-borg 51.805 Silkeborg
67%
-borg 16.558 Kalundborg
67%
-havn 659.350 København
67%
-borg 6.867 Faaborg
56%
-bæk 30.503 Holbæk
56%
-sted 8.538 Hundested
56%
-løse 23.344 Ølstykke-Stenløse
56%
-borg 27.521 Svendborg
56%
-borg 12.397 Vordingborg
56%
-by 38.849 Brøndby
44%
-sten 4.336 Gråsten
44%
-sten 8.448 Hadsten
44%
-bro 37.220 Holstebro
44%
-ved 45.099 Næstved
44%
-sted 24.142 Ringsted
44%
-borg 8.925 Fredensborg
33%
-lev 22.277 Haderslev
33%
-lev 12.488 Haslev
33%
-lev 19.816 Herlev
33%
-vig 6.802 Lemvig
33%
-rød 16.801 Lillerød
33%
-bo 5.827 Maribo
33%
-borg 20.116 Skanderborg
33%
-sted 13.522 Thisted
33%
-borg 42.305 Viborg
33%
-bro 7.422 Bjerringbro
22%
-bo 2.040 Nødebo
22%
-bjerg 2.269 Fuglebjerg
22%
-rup 23.540 Glostrup
22%
-sted 9.745 Grindsted
22%
-bæk 9.861 Humlebæk
22%
-bo 5.483 Munkebo
22%
-vig 1.047 Rørvig
22%
-by 8.845 Sæby
22%
-rup 6.799 Slangerup
22%
-løse 3.914 Tølløse
22%
-bro 6.688 Aabybro
11%
-rup 42.290 Ballerup
11%
-sten 1.898 Bredsten
11%
-lev 12.842 Brønderslev
11%
-ved 2.457 Egtved
11%
-løse 2.877 Ganløse
11%
-sted 13.034 Hedensted
11%
-bro 12.217 Hobro
11%
-bæk 58.194 Lyngby-Taarbæk
11%
-by 24.281 Nørresundby
11%
-vig 1.860 Rødvig
11%
-rup 37.231 Taastrup
11%
-by 43.506 Tårnby
11%
-løse 13.248 Værløse
11%
-bæk 17.184 Vallensbæk
11%
-bjerg 2.923 Vestbjerg
11%
-vig 1.757 Vig
11%
-bjerg 4.027 Vildbjerg
11%
-vig 1.457 Allinge-Sandvig
0%
-bjerg 3.032 Egebjerg
0%
-ved 2.458 Gedved
0%
-bjerg 3.356 Glamsbjerg
0%
-vig 1.003 Hejnsvig
0%
-rup 8.464 Hinnerup
0%
-rup 10.259 Lystrup
0%
-havn 1.516 Rødbyhavn
0%
-bro 3.378 Sabro
0%
-bjerg 4.787 Solbjerg
0%
-rup 7.861 Svenstrup
0%
-by 4.881 Viby
0%
-bjerg 3.246 Vissenbjerg
0%
No matching quizzes found
Score Distribution
Percent of People with Each Score
Percentile by Number Answered
Your Score History
You have not taken this quiz